| 000 | 00498nam a22001697a 4500 | ||
|---|---|---|---|
| 003 | CEME | ||
| 005 | 20210628205447.0 | ||
| 008 | 210316b xxu||||| |||| 00| 0 eng d | ||
| 020 | _a0-534-34049-0 | ||
| 040 | _c. | ||
| 082 | _a510 HAR'D | ||
| 100 |
_aWalker, Carol L Hardy, Darel W _975666 |
||
| 245 | _aDoing mathematics with scientific workplace convergenec of word processing and computational technologies | ||
| 260 |
_aNEW MAXICO _bTCI SOFTWARE _c1995 |
||
| 300 | _a340P | ||
| 942 |
_cBK _2ddc |
||
| 999 |
_c581058 _d581058 |
||